01438nam a22003614a 4500001001100000003000800011006001900019007001500038008004100053010001700094020001500111040002100126035002100147050002800168082001700196100002200213245016900235260004300404300002400447490002800471504006400499533015200563650003700715650002800752650003400780655002900814700002700843700002000870710001700890830002900907856012500936999001501061ebr5007778CaPaEBRm u cr cn|||||||||011011s2001 dcua sb i001 0 eng  z 2001046928 z0821350390 aCaPaEBRcCaPaEBR a(OCoLC)23216187514aHD2768.L292bE88 2001eb04a363/.0982211 aEstache, Antonio.10aAccounting for poverty in infrastructure reformh[electronic resource] :blearning from Latin America's experience /cAntonio Estache, Vivien Foster, Quentin Wodon. aWashington, D.C. :bWorld Bank,c2001. avii, 122 p. :bill.1 aWBI development studies aIncludes bibliographical references (p. 111-116) and index. aElectronic reproduction.bPalo Alto, Calif. :cebrary,d2013.nAvailable via World Wide Web.nAccess may be limited to ebrary affiliated libraries. 0aPublic utilitieszLatin America. 0aPovertyzLatin America. 0aPrivatizationzLatin America. 7aElectronic books.2local1 aFoster, Vivien,d1968-1 aWodon, Quentin.2 aebrary, Inc. 0aWBI development studies.40uhttp://site.ebrary.com/lib/rucke/Doc?id=5007778zAn electronic book accessible through the World Wide Web; click to view c5654d5654